00432nam a22000737a 4500008004100000245001800041300001800059653028100077190410| ||| | ||||||0| ||spa d aHueso Frontal eHueso Frontal a Hueso impar, central, simétrico y planoaTien dos caras (endocraneal y exocraneal) y un borde circunferencialaSe encuentra en la parte anterosuperior del cráneo por delante de los huesos parietales, por arriba del esfenoides, y por encima del etmoides y el macizo facial